000 00444nam a22001697a 4500
005 20241214102600.0
008 241214b ||||| |||| 00| 0 eng d
040 _cAL
041 _aEnglish
082 _223
_a348.04
_bCHAI
100 _aJagjit Singh Chawla
_9190915
245 _aIndian Civil Cases: Vol 22 2001(2)
260 _aChandigarh
_bICC Publications
_c2001
300 _a830 p.
650 _aCivil Laws
_9190916
942 _2ddc
_cBI
999 _c232883
_d232883